[Event "IECC M-5546"]
[Site "IECC email"]
[Date "2006.09.08"]
[Round "?"]
[White "Mouratides, Christophoros"]
[Black "McGregor, Jeff"]
[Result "1-0"]
[WhiteElo "1245"]
[BlackElo "1014"]
[PlyCount "65"]
[EventDate "2006.??.??"]
[EventType "tourn (corr)"]
[EventRounds "10"]
[SourceTitle "Corr 2008"]
[Source "ChessBase"]
[SourceDate "2008.06.24"]
[SourceVersion "1"]
[SourceVersionDate "2008.06.24"]
[SourceQuality "1"]

1. d4 Nf6 2. c4 e6 3. Nf3 Bb4+ 4. Bd2 Qe7 5. g3 Nc6 6. Bg2 Bxd2+ 7. Nbxd2 d6 8. 0-0 a5 9. e4 e5 10. d5 Nb8 11. Ne1 h5 12. h3 g5 13. Nd3 g4 14. h4 Na6 15. Qa4+ Bd7 16. Qxa5 Qd8 17. Qc3 c5 18. Nxe5 dxe5 19. Qxe5+ Qe7 20. Qxe7+ Kxe7 21. e5 Nh7 22. f4 Raf8 23. d6+ Kd8 24. Bxb7 Nb4 25. a4 Nc2 26. a5 Ne3 27. a6 f6 28. a7 Ke8 29. a8Q+ Kf7 30. Bd5+ Kg6 31. Qa7 Rd8 32. Qxc5 Nxf1 33. Kxf1 1-0

[Event "IECC O-2426"]
[Site "IECC email"]
[Date "2006.08.02"]
[Round "?"]
[White "Singh, Virender Pratap"]
[Black "McGregor, Jeff"]
[Result "0-1"]
[WhiteElo "983"]
[BlackElo "1000"]
[PlyCount "36"]
[EventDate "2006.??.??"]
[EventType "swiss (corr)"]
[EventRounds "2"]
[SourceTitle "Corr 2020"]
[Source "ChessBase"]
[SourceDate "2019.09.30"]
[SourceVersion "1"]
[SourceVersionDate "2019.09.30"]
[SourceQuality "1"]
[WhiteTeam "India"]
[BlackTeam "Canada"]
[WhiteTeamCountry "IND"]
[BlackTeamCountry "CAN"]

1. e4 c5 2. Bc4 d6 3. Nc3 Nf6 4. d3 g6 5. Be3 Bg7 6. Nge2 0-0 7. Qd2 Nbd7 8. 0-0 Rb8 9. Ng3 b6 10. f4 Bb7 11. Rf2 Ng4 12. Re2 e5 13. h3 Nxe3 14. Qxe3 Bh6 15. Nh5 gxh5 16. Qg3+ Kh8 17. Qf3 h4 18. fxe5 Nxe5 0-1